Antykomunizm Polaków w XX wieku / (Rekord nr 27412)
| 000 -Nagłówek | |
|---|---|
| fixed length control field | 01992cam a2200481 i 4500 |
| 001 - Nr kontrolny bibl., która utworzyła rek. | |
| control field | xx004714459 |
| 003 - Siglum bibl., której nr kontr. jest w 001 | |
| control field | NUKAT |
| 005 - Data i czas ostatniej operacji | |
| control field | 20260401144700.0 |
| 008 - Elementy pola stałej długości | |
| fixed length control field | 191004s2019 pl g |001 0dpol c |
| 020 ## - ISBN | |
| ISBN | 9788380986923 |
| dopowiedzenie | (oprawa twarda) : |
| warunki dostępności | zł 50,00 |
| 035 ## - Systemowy numer kontrolny | |
| systemowy numer kontrolny | (OCoLC)1126629987 |
| 035 ## - Systemowy numer kontrolny | |
| systemowy numer kontrolny | (NUKAT)xx004714459 |
| 040 ## - Instytucja sporządzająca opis | |
| Instytucja, która sporządziła opis | SIEDL 001/EC |
| język katalgowania-trzyzn. kod | pol |
| zasady opisu | rda |
| Instytucja, która sporządziła rekord | SIEDL 001/EC |
| Instytucja, która zmodyfikowała rekord | WR U/bjs |
| -- | SZCZ U/AB |
| -- | WA 14/MBs |
| -- | OLSZT 008/bak |
| 045 2# - Okres czasu dla zawartości | |
| czas między r. 9999 pne a nasz. czas. | d1901 |
| -- | d2000 |
| 046 ## - Kod rodz. daty, data1, data2 (daty pne) | |
| Begin/single date | 2019 |
| 245 00 - Tytuł właściwy i oznaczenie odpow. | |
| tytuł | Antykomunizm Polaków w XX wieku / |
| dod. inf. ze s. tyt./ozn. odpow. | redakcja naukowa Piotr Kardela i Karol Sacewicz. |
| 260 ## - Adres wydawniczy | |
| miejsce wydania, dystrybucji itp. | Białystok ; |
| -- | Olsztyn ; |
| -- | Warszawa : |
| nazwa wydawcy, dystrybutora itp. | Instytut Pamięci Narodowej. Oddział w Białymstoku, |
| data wydania, dystrybucji itp. | 2019. |
| 300 ## - Opis fizyczny | |
| objętość i/lub forma materiału | 862, [1] strona ; |
| format | 22 cm. |
| 336 ## - Content Type | |
| Term | Tekst |
| Code | txt |
| Source | rdacontent |
| 337 ## - Media Type | |
| Term | Bez urządzenia pośredniczącego |
| Code | n |
| Source | rdamedia |
| 338 ## - Carrier Type | |
| Term | Wolumin |
| Code | nc |
| Source | rdacarrier |
| 380 ## - Form of work | |
| Form of work | Książki |
| 380 ## - Form of work | |
| Form of work | Publikacje naukowe |
| 388 1# - TIME PERIOD OF CREATION | |
| Time period of creation term | 2001- |
| 490 1# - Tytuł serii i ks. wielotom.-nie do wysz. | |
| oznaczenie serii | Seria Wydawnicza Oddziału Instytutu Pamięci Narodowej w Białymstoku ; |
| numer woluminu | t. 44 |
| 504 ## - Uwaga o bibliografii | |
| uwaga o bibliografii | Bibliografia, netografia na stronach 755-818. Indeks. |
| 648 #7 - SUBJECT ADDED ENTRY--CHRONOLOGICAL TERM | |
| Chronological term | 1901-2000 |
| Source of heading or term | DBN |
| 9 (RLIN) | 34996 |
| 650 #7 - Hasło przedmiotowe-nazwa pospolita | |
| nazwa pospolita lub geogr. | Antykomunizm |
| źródło hasła | DBN |
| 9 (RLIN) | 39401 |
| 650 #7 - Hasło przedmiotowe-nazwa pospolita | |
| nazwa pospolita lub geogr. | Polacy |
| źródło hasła | DBN |
| 9 (RLIN) | 35100 |
| 650 #7 - Hasło przedmiotowe-nazwa pospolita | |
| nazwa pospolita lub geogr. | Polacy za granicą |
| źródło hasła | DBN |
| 9 (RLIN) | 35953 |
| 650 #7 - Hasło przedmiotowe-nazwa pospolita | |
| nazwa pospolita lub geogr. | Ruchy antykomunistyczne |
| określnik geograficzny | Polska |
| określnik chronologiczny | 20 w. |
| źródło hasła | kaba |
| 9 (RLIN) | 39402 |
| 651 #7 - Hasło przedmiotowe-nazwa geogr. | |
| nazwa geograficzna | Polska |
| źródło hasła | DBN |
| 9 (RLIN) | 35076 |
| 651 #7 - Hasło przedmiotowe-nazwa geogr. | |
| nazwa geograficzna | Świat |
| źródło hasła | DBN |
| 9 (RLIN) | 39403 |
| 655 #7 - Termin określający rodzaj/formę | |
| rodzaj/forma | Praca zbiorowa |
| źródło terminu | DBN |
| 9 (RLIN) | 35107 |
| 658 ## - Nazwa określająca cel programu nauczania | |
| główny cel programu nauczania | Historia |
| 658 ## - Nazwa określająca cel programu nauczania | |
| główny cel programu nauczania | Polityka, politologia, administracja publiczna |
| 700 1# - Hasło dodatkowe - nazwa osobowa | |
| nazwa osobowa | Kardela, Piotr |
| daty biograficzne | (1968- ). |
| rodzaj współpracy | Redakcja |
| 9 (RLIN) | 16267 |
| 700 1# - Hasło dodatkowe - nazwa osobowa | |
| nazwa osobowa | Sacewicz, Karol |
| daty biograficzne | (1978- ). |
| rodzaj współpracy | Redakcja |
| 9 (RLIN) | 16268 |
| 710 2# - Hasło dodatkowe - nazwa ciała zbior. | |
| nazwa ciała zbior. lub nazwa geogr. | Instytut Pamięci Narodowej - Komisja Ścigania Zbrodni przeciwko Narodowi Polskiemu. |
| nazwa jednostki podrzędnej | Oddział (Białystok). |
| rodzaj współpracy | Wydawca |
| kod rodzaju współpracy | pbl |
| 9 (RLIN) | 13118 |
| 830 #0 - Hasło dod. serii i op. ks. wielotom. -tyt | |
| tytuł | Seria Wydawnicza Oddziału Instytutu Pamięci Narodowej w Białymstoku |
| oznaczenie tomu | t. 44 |
| 9 (RLIN) | 13120 |
| 920 ## - ISBN | |
| ISBN | 978-83-8098-692-3 (oprawa twarda) : zł 50,00 |
| 942 ## - ADDED ENTRY ELEMENTS (KOHA) | |
| Source of classification or shelving scheme | Dewey Decimal Classification |
| Koha item type | pozycje dostępne na miejscu |
| Status wycofania | Status zagubienia | Klasyfikacja | Status uszkodzenia | Blokada wypożyczeń | Kolekcja | Lokalizacja macierzysta | Lokalizacja bieżąca | Data nabycia | Numer akcesji | Źródło akcesji | Cena | Nr inwentarzowy | il. wypożyczeń | Sygnatura | Kod kreskowy | Date last seen | Price effective from | Typ egz. |
|---|---|---|---|---|---|---|---|---|---|---|---|---|---|---|---|---|---|---|
| Dewey Decimal Classification | nieuszkodzona | książka w magazynie | Biblioteka Instytutu Północnego w Olsztynie | Biblioteka Instytutu Północnego w Olsztynie | 15/11/2019 | D-38/2019 | dar | 50.00 | 59830 | 59830 | IPWK21529 | 01/04/2026 | 01/04/2026 | pozycje dostępne na miejscu |